Anna Šišková s letuškou v posteli

Bibliographic Details
Main Authors: Varga, Karol (Author, Interviewer), Šišková, Anna, 1960- (Author)
Format: Article
Language:Slovak
PhysicalDescription:Fotogr.
ISSN:0139-7451
Subjects:

MARC

LEADER 00000nab a2200000 ar4500
001 vtls008886617
003 SK-MaSNL
005 20260303174050.0
008 061129c2006 xo wr|p|||||||000 b|slo
015 |a SNBRB2006/11  |2 snkbucl 
038 |a SNKBUCL 
040 |a SNKBUCL  |b slo  |c SNKBUCL  |e AACR2 
041 0 |a slo 
044 |a xo  |c SK 
080 |a 792.071.2  |2 2001 
080 |a 791.44.071.2  |2 2001 
080 |a 7.097  |x (437.3)  |2 2001 
080 |a 929 Šišková, Anna  |2 2001 
100 1 |a Varga, Karol  |4 aut  |4 ivr  |9 274098 
245 1 0 |a Anna Šišková  |b s letuškou v posteli  |c rozhovor: Karol Varga 
300 |b Fotogr. 
600 1 7 |a Šišková, Anna,  |d 1960-   |2 snkbucl  |9 229182 
630 0 7 |a Letisko (televízny seriál)  |2 snkbucl  |9 1057911 
655 7 |a rozhovory  |2 snkbucl  |9 31831 
700 1 |a Šišková, Anna,  |d 1960-  |4 aut  |4 ive  |9 229182 
773 0 |t Eurotelevízia  |g Roč. 16, č. 46 (2006), s. 6-8  |x 0139-7451 
852 |a SNK  |b KIS3GCP 
958 |a BX 
958 |a SK 
999 |c 2094920  |d 2096850